| 000 | 01035cam a22002895ic4500 | ||
|---|---|---|---|
| 001 | 6495082 | ||
| 003 | EG-ScBUE | ||
| 005 | 20260312103248.0 | ||
| 008 | 770202r19631952stka f b 001 0 eng d | ||
| 040 |
_aEG-ScBUE _beng _erda _cEG-ScBUE _dEG-ScBUE |
||
| 082 | 0 | 4 |
_a572 _bPID _222 |
| 100 | 1 |
_aPiddington, Ralph, _eauthor. |
|
| 245 | 1 | 3 |
_aAn introduction to social anthropology. _nVolume 1 / _cRalph Piddington, M.A., Ph.D., professor of anthropology, Auckland University College, University of New Zeland. |
| 246 | 3 | 0 | _aSocial anthropology |
| 250 | _aReprint edition. | ||
| 264 | 1 |
_aEdinburgh : _bOliver and Boyd, _c1963. |
|
| 300 |
_a1 volume (xxvi, 442 pages) : _billustrations ; _c23 cm |
||
| 336 |
_2rdacontent _atext _btxt |
||
| 337 |
_aunmediated _2rdamedia _bn |
||
| 338 |
_avolume _bnc _2rdacarrier |
||
| 500 | _aReprinted of 1952 edition. | ||
| 504 | _aIncludes bibliographical references and index. | ||
| 650 | 7 |
_aAnthropology. _2BUEsh |
|
| 653 |
_bGGEN _bHHUUPPSS _cMarch2018 |
||
| 655 | _vReading book | ||
| 942 |
_2ddc _cBB |
||
| 999 |
_c26362 _d26334 |
||